Copper (II) arylcarboxylates : substituent effects on structure, thermal properties, magnetism, redox and carbon-carbon bond-forming reaction of carbonyls /
Saved in:
| 主要作者: | |
|---|---|
| 格式: | Thesis 圖書 |
| 語言: | English |
| 出版: |
2011.
|
| 主題: | |
| 在線閱讀: | http://studentsrepo.um.edu.my/12581/ |
| 標簽: |
添加標簽
沒有標簽, 成為第一個標記此記錄!
|
| LEADER | 01269cam a2200301 a 4500 | ||
|---|---|---|---|
| 001 | u870837 | ||
| 003 | SIRSI | ||
| 005 | 201212241641 | ||
| 008 | 121224s2011 my a t 000 0 eng m | ||
| 040 | |a UMM |d AUM |e rda | ||
| 090 | |a QD3 |b UMP 2011 Mohim | ||
| 100 | 0 | |a Mohammad Isa Mohamadin. | |
| 245 | 1 | 0 | |a Copper (II) arylcarboxylates : |b substituent effects on structure, thermal properties, magnetism, redox and carbon-carbon bond-forming reaction of carbonyls / |c Mohammad Isa Mohamadin. |
| 260 | |c 2011. | ||
| 300 | |a xii, 280 [51] leaves : |b ill. ; |c 30 cm. | ||
| 502 | |a Thesis (Ph.D) -- Jabatan Kimia, Fakulti Sains, Universiti Malaya, 2011. | ||
| 504 | |a Includes bibliographical references. | ||
| 530 | |a Also issued in CD. | ||
| 650 | 0 | |a Copper |x Analysis. | |
| 650 | 0 | |a Copper |x Properties. | |
| 650 | 0 | |a Copper compounds |x Thermal properties. | |
| 650 | 0 | |a Carbonyl compounds. | |
| 710 | 2 | |a Universiti Malaya. |b Jabatan Kimia. | |
| 856 | 4 | 1 | |u http://studentsrepo.um.edu.my/12581/ |
| 900 | |a AT-ZA | ||
| 596 | |a 1 25 | ||
| 999 | |a QD3 UMP 2011 MOHIM |w LC |c 1 |i A515297270 |d 22/10/2013 |f 22/10/2013 |g 1 |l STACKS |m P01UTAMA |r Y |s Y |t TESIS |u 21/10/2013 | ||
| 999 | |a QD3 UMP 2011 MOHIM |w LC |c 1 |i A515365125 |f 21/10/2021 |g 1 |l STACKS |m P25UMARCHI |r N |s Y |t CD |u 7/10/2021 |1 STEM |o .STAFF. MST-CD32 | ||
